Scruton Foucaultról
Elmentve itt :
| Szerző: | |
|---|---|
| Adatforrás: | Philobibl |
| Forrásdokumentuma: | Symposion 1995:4. |
| Dokumentumtípus: | Cikk |
| Nyelv: | magyar |
| Kulcsszavak: | Foucault |
| LEADER | 00318nab a2200121 c 4500 | ||
|---|---|---|---|
| 001 | bibDOK00005451 | ||
| 005 | 20200924120136.7 | ||
| 008 | 060518s1995 hu hun | ||
| 100 | 1 | |a Dissy Dénes | |
| 245 | 1 | 0 | |a Scruton Foucaultról |c Dissy Dénes |
| 500 | |a a lap alján futó szöveg | ||
| 695 | |a Foucault | ||
| 773 | 0 | |t Symposion |g 1995:4. | |